|
|
|
|
| LEADER |
01396nam a22003612a 4500 |
| 001 |
000045247 |
| 003 |
CZ BrMZK |
| 005 |
20070403103213.0 |
| 008 |
951201s1990 xr c p cze d |
| 015 |
|
|
|a cnb000056496
|
| 020 |
|
|
|a 80-04-24790-3
|
| 035 |
|
|
|a (OCoLC)39422290
|
| 040 |
|
|
|a BOA001
|b cze
|
| 072 |
|
7 |
|a 376
|x Výchova a vzdělávání zvláštních skupin osob
|2 Konspekt
|9 22
|
| 080 |
|
|
|a 82:37.016
|2 MRF
|
| 080 |
|
|
|a (075.2)
|2 MRF
|
| 100 |
1 |
|
|a Vaňous, Jan,
|d 1911-1986
|7 jk01141598
|
| 245 |
1 |
0 |
|a Čítanka pro 4. ročník zvláštní školy /
|c Jan Vaňous, Vladimír Linc, Růžena Kulhavá
|
| 250 |
|
|
|a 5.vyd.
|
| 260 |
|
|
|a Praha :
|b SPN,
|c 1990
|
| 300 |
|
|
|a 231 s.
|
| 490 |
1 |
|
|a Učebnice pro základní školy
|
| 500 |
|
|
|a Dostupné též v digitální podobě v aplikaci Kramerius
|
| 650 |
0 |
7 |
|a literární výchova
|7 ph117228
|2 czenas
|
| 655 |
|
7 |
|a učebnice základních škol
|7 fd133773
|2 czenas
|
| 655 |
|
7 |
|a čítanky
|7 fd133984
|2 czenas
|
| 700 |
1 |
|
|a Kulhavá, Růžena
|7 jx20050628014
|
| 700 |
1 |
|
|a Linc, Vladimír,
|d 1923-1995
|7 jk01072129
|
| 830 |
|
0 |
|a Učebnice pro základní školy
|
| 856 |
4 |
1 |
|u http://www.digitalniknihovna.cz/mzk/uuid/uuid:9a798810-e463-11e6-8010-005056827e51
|y Digitalizovaný dokument
|x NDK
|
| 910 |
|
|
|a BOA001
|b PK-0113.257
|
| 990 |
|
|
|a BK
|
| 996 |
7 |
|
|b 3119984351
|c PK-0113.257
|l MZK
|r Sklad / do 1 hodiny
|n 3
|w 000045247
|u 000010
|a 1
|e BOA001
|j MZK50
|s A
|